000
00341nam a2200133Ia 4500
008
240112s1982 JULY xx 000 0 und d
041
_a
eng
082
_a
6015.103
100
_a
MODELL W.
245
_a
CLINICAL PHARMACOLOGY & THERAPEUTICS
260
_b
THE C.V.MOSBY COMPANY
_c
1982 JULY
300
_a
810,HB
_c
(1-6)
440
_v
32
999
_c
1142260
_d
1142260